ANYTHING but Caribbean Islands Quiz Stats

 Plays Quiz not verified by Sporcle

Support Sporcle.
Go Orange.
Score 0/60 Timer 02:00
0 Plays Today
% Correct
???
34.5%
???
33.5%
???
32.4%
???
32%
???
31.3%
???
31.3%
???
31%
???
31%
???
30.9%
???
30.5%
???
30.2%
???
29.9%
???
29.9%
???
28.8%
???
28.8%
???
28.8%
???
28.5%
???
28.4%
???
28.1%
???
28.1%
???
27.8%
???
27.3%
???
27.2%
???
27%
???
26.3%
???
26.3%
???
26%
???
25.9%
???
25.9%
???
25.6%
% Correct
???
25.6%
???
25.5%
???
25.5%
???
25.2%
???
25.2%
???
24.8%
???
24.6%
???
24.5%
???
24.3%
???
24.2%
???
23.8%
???
23.8%
???
23.7%
???
23.4%
???
23.4%
???
23.4%
???
23.4%
???
23%
???
22.8%
???
22.7%
???
22.3%
???
22.1%
???
21.7%
???
21.4%
???
21.2%
???
20.9%
???
20.9%
???
20.9%
???
20.1%
???
19.4%

You're not logged in!

Compare scores with friends on all Sporcle quizzes.
OR
Log In

From the Vault

Famous Sisters

by DesertSpartan

We learned that there are actually three Olsen sisters. Who knew?!
Remove Ads.
Support Sporcle.
Get the best of Sporcle when you Go Orange. This ad-free experience offers more features, more stats, and more fun while also helping to support Sporcle. Thank you for becoming a member.

Show Comments

Extras

Top Quizzes Today


Score Distribution

Your Account Isn't Verified!

In order to create a playlist on Sporcle, you need to verify the email address you used during registration. Go to your Sporcle Settings to finish the process.

Report this User

Report this user for behavior that violates our Community Guidelines.

Details: